| 000 | 00611 a2200193 4500 | ||
|---|---|---|---|
| 003 | NUST | ||
| 005 | 20230125122613.0 | ||
| 010 | _a41012756 | ||
| 040 | _cNust | ||
| 082 | _a823,REE | ||
| 100 |
_aReed, Douglas, _949970 |
||
| 245 |
_aA Prophet at home / _cDouglas Reed |
||
| 260 |
_aLondon _bJ. Cape _c1941 |
||
| 300 |
_a2 p. l., 3-414 p.; _b21 cm |
||
| 505 | _aPart-1: The Piping Times (Page-25), Part-2: New Wars Of Old(Page-169), Part-3: The Defense Of Dull Mouth (Page-249), Part-4: Decline To Fall (Page-295). | ||
| 600 |
_aReed, Douglas, _949970 |
||
| 650 |
_aNovel _92525 |
||
| 942 |
_2ddc _cBK _k823,REE |
||
| 999 |
_c186800 _d186800 |
||